| 000 | 01330cam a22003737a 4500 | ||
|---|---|---|---|
| 003 | CHAP | ||
| 005 | 20220329133227.0 | ||
| 008 | 971013s1991 r 00010 d | ||
| 010 | _a3631 | ||
| 011 | _a4603 | ||
| 035 | _a3807 | ||
| 040 | _cCHAP | ||
| 090 | _aTesis | ||
| 100 | 0 | 0 |
_aHerrera García, Andrés. _954873 |
| 245 | 0 | _aEfecto del acolchado con poliétileno, bajo la aplicación foliar en el cultivo de calabacita Cucurbita pepo L.) var. Grey Zucchini, en Chapingo, México | |
| 260 |
_aChapingo, Méx. : _bLos autores, _c1991 |
||
| 300 | _a166 h | ||
| 502 | _aTesis (Ing. Agr. Esp. en Fitotecnia) -- UACH. Departamento de Fitotecnia | ||
| 590 |
_aALEPH _b10 _c20130110 _lUCH01 _h1215 |
||
| 590 |
_aBATCH-UPD _b10 _c20130110 _lUCH01 _h0948 |
||
| 590 |
_aBATCH-UPD _b10 _c20130410 _lUCH01 _h0603 |
||
| 590 |
_aBATCH-UPD _b10 _c20130913 _lUCH01 _h1911 |
||
| 590 |
_aCONVERSION _b10 _c20130109 _lUCH01 _h1303 |
||
| 650 | 1 | 4 |
_aAcolchado de suelos. _9623 |
| 650 | 1 | 4 |
_aCalabaza _xMéxico (Edo.) _917286 |
| 650 | 1 | 4 |
_aCalabaza _xRendimiento. _917294 |
| 650 | 1 | 4 |
_aDiagnóstico foliar. _932394 |
| 650 | 1 | 4 |
_aFertilizantes para calabaza. _940609 |
| 650 | 1 | 4 |
_aPlásticos en agricultura. _989199 |
| 700 | 0 |
_aJiménez Aguayo, Salvador. _961443 |
|
| 901 | _aBK | ||
| 942 | _cTESIS | ||
| 949 |
_bBC _cTES _d-13335 _eTS1 _h24618 _i3807 _si |
||
| 999 |
_c3631 _d3631 |
||